| 000 | 00369nam a2200121Ia 4500 | ||
|---|---|---|---|
| 008 | 230907s9999||||xx |||||||||||||| ||und|| | ||
| 082 |
_a623.893 _bCHI |
||
| 245 | 0 | _aChina's Beidou Navigation Satellite System: a pillar of the great power / | |
| 260 |
_aForeign Languages Press, _bBeijing : _c2020 |
||
| 300 | _a221 p. | ||
| 650 |
_aChinese Studies _9116212 |
||
| 942 | _cBK | ||
| 999 |
_c601631 _d601631 |
||